Catálogo
 En Linea

Antología del ayer : romántico. (Registro nro. 48698)

Detalles MARC
000 -CABECERA
campo de control de longitud fija 00305nam a2200109 a 4500
005 - FECHA Y HORA DE LA ÚLTIMA TRANSACCIÓN
campo de control 20201002061735.0
008 - DATOS DE LONGITUD FIJA--INFORMACIÓN GENERAL
campo de control de longitud fija 190729s1985 000 spa d
040 ## - FUENTE DE LA CATALOGACIÓN
Centro catalogador/agencia de origen DO-SdBNP
100 ## - ENTRADA PRINCIPAL--NOMBRE DE PERSONA
Nombre de persona Romero Pumarol, Teófilo Ramón
9 (RLIN) 28214
245 #0 - MENCIÓN DE TÍTULO
Título Antología del ayer : romántico.
260 ## - PUBLICACIÓN, DISTRIBUCIÓN, ETC.
Lugar de publicación, distribución, etc. Santo Domingo,
Fecha de publicación, distribución, etc. 1985.

No hay ítems disponibles.

Con tecnología Koha